Projektování ekonomických aplikací - ekonomika tvorby a užití aplikace Zpracování dat

Guardado en:
Detalles Bibliográficos
Autor principal: Ehleman, Jan
Autor Corporativo: Vysoká škola ekonomická v Praze. Fakulta řízení
Formato: Libro
Lenguaje:checo
Publicado: Praha Státní nakladatelství technické literatury 1989
Edición:1. vyd.
Etiquetas: Agregar Etiqueta
Sin Etiquetas, Sea el primero en etiquetar este registro!

MARC

LEADER 00000nam a2200000 4500
001 c034793
005 20221215120459.1
041 0 |a cze 
044 |a CZ 
245 1 0 |a Projektování ekonomických aplikací - ekonomika tvorby a užití aplikace  |b Zpracování dat  |c Jan Ehleman 
250 |a 1. vyd. 
264 1 |a Praha  |b Státní nakladatelství technické literatury  |c 1989 
300 |a 131 s. 
100 1 |a Ehleman, Jan 
710 2 |a Vysoká škola ekonomická v Praze. Fakulta řízení